000 00709nam a2200181Ia 4500
008 100921s9999 xx 000 0 und d
082 _b30760
_a500 थ 99
100 _aमथुरे सुरेश.
245 _aआपले भारतीय शास्त्रज्ञ.
260 _bमधुराज प्रकाशन,पुणे.
_c1999
300 _a48
_bमयुरेष बुक एजन्सी,कराड
365 _b25
520 _aविज्ञान.
630 _aआपले भारतीय शास्त्रज्ञ.
650 _aविज्ञान.
730 _aआपले भारतीय शास्त्रज्ञ.
942 _cBOOK
999 _c779873
_d779870